000 00846nam a22002537a 4500
005 20180309125908.0
010 _aENG-109801
020 _a9789350500200
_c595.00
035 _aEN-93334
035 _aB-536793-797
035 _aB-667724
037 _bDBAD/PUB
037 _bKKP/Ven
082 _a220
100 _aSidhu, A.S.
245 0 0 _aAntiquities of Vedas and Upanishads /
_cby A. S. Sidhu
260 _aDelhi
_bB. R. Publishing
_c2012
270 _a425, Nimri Colony Ashok Vihar, Phase-IV
_bDelhi
_e110052
300 _aviii,195p. :
_c22cm(Hb)
_bmaps
500 _aInculdes index
942 _2ddc
_cEN
_mSID
_h220
999 _c83792
_d83792